Vývoj prezentácie majetku, záväzkov a vlastného imania v súvahe podnikateľa v SR od roku 1993 po súčasnosť diplomová práca

Guardado en:
Detalles Bibliográficos
Autor principal: Košťálová, Lea
Autor Corporativo: Fakulta hospodárskej informatiky EU. Katedra účtovníctva a audítorstva
Otros Autores: Šlosárová, Anna
Formato: Libro
Lenguaje:eslovaco
Publicado: Bratislava 2018
Etiquetas: Agregar Etiqueta
Sin Etiquetas, Sea el primero en etiquetar este registro!

MARC

LEADER 00000nbm a2200000 4500
001 0243626
005 20181108091652.8
041 0 |a slo 
044 |a SK 
245 1 0 |a Vývoj prezentácie majetku, záväzkov a vlastného imania v súvahe podnikateľa v SR od roku 1993 po súčasnosť  |b diplomová práca  |c Lea Košťálová ; školiteľ: Anna Šlosárová 
264 1 |a Bratislava  |c 2018 
300 |a 73 s. 
100 1 |a Košťálová, Lea 
700 1 |a Šlosárová, Anna 
710 2 |a Fakulta hospodárskej informatiky EU. Katedra účtovníctva a audítorstva